|
|
|
|
| LEADER |
00000nab#a22000007a#4500 |
| 001 |
arbauad002752 |
| 003 |
AR-BaUAD |
| 005 |
20250711110528.0 |
| 008 |
930830|||||||||###||||||b###|0###a|spa|| |
| 040 |
|
|
|a AR-BaUAD
|c AR-BaUAD
|b spa
|
| 100 |
|
|
|a Larrañaga, María Isabel de
|
| 245 |
|
|
|a Arquitectura de masas en la Argentina (1945-1955) hacia la búsqueda de una expresión propia /
|c María Isabel de Larrañaga; Alberto Petrina;
|
| 300 |
0 |
|
|b p. 107-115, 146-148: fot.
|
| 653 |
|
|
|a ARGENTINA
|
| 653 |
|
|
|a HISTORIA
|
| 653 |
|
|
|a PERONISMO
|
| 653 |
|
|
|a ARQUITECTURA
|
| 653 |
|
|
|a POLITICA HABITACIONAL
|
| 653 |
|
|
|a DECADA DE 1940
|
| 653 |
|
|
|a DECADA DE 1950
|
| 653 |
|
|
|a SIGLO XX
|
| 653 |
|
|
|a BARRIO PRESIDENTE PERON
|
| 653 |
|
|
|a CIUDAD EVITA
|
| 653 |
|
|
|a BARRIO 17 DE OCTUBRE
|
| 653 |
|
|
|a 1945-1955
|
| 700 |
1 |
|
|a Petrina, Alberto
|
| 773 |
0 |
|
|t ANALES DEL INSTITUTO DE ARTE AMERICANO E INVESTIGACIONES ESTÉTICAS
|g no. 25 [1987]
|
| 856 |
4 |
|
|u http://www.iaa.fadu.uba.ar/publicaciones/anales/Anales_25.pdf
|
| 942 |
|
|
|c ARTI
|
| 952 |
|
|
|0 0
|1 0
|4 0
|7 0
|9 47672
|a AR-BAuAD
|b AR-BAuAD
|d 2025-07-11
|l 0
|p AAQA002752
|r 2025-07-11 11:05:28
|w 2025-07-11
|y ARTI
|
| 990 |
|
|
|a AQ198
|b TD
|
| 998 |
|
|
|a AAQ
|b BIBUN76
|
| 999 |
|
|
|c 27345
|d 27345
|